000 00308nam a22001217a 4500
008 230620b xxu||||| |||| 00| 0 eng d
082 _a320.8
_bDJI
100 _cMoussa Djire
245 _aThe myths and realities of local governance in Sanankoroba, Mali
260 _c2004
300 _a36p
942 _2ddc
_cBK
999 _c1673
_d1673